A woman who hurts, a God who heals: discovering God's unconditional love / (Record no. 19329)

MARC details
000 -LEADER
fixed length control field 00909nam a2200205 a 4500
003 - CONTROL NUMBER IDENTIFIER
control field PILC
005 - DATE AND TIME OF LATEST TRANSACTION
control field 20250502094826.0
008 - FIXED-LENGTH DATA ELEMENTS--GENERAL INFORMATION
fixed length control field 110111s2002 xx 00 eng d
010 ## - LIBRARY OF CONGRESS CONTROL NUMBER
LC control number Acc#41152
020 ## - INTERNATIONAL STANDARD BOOK NUMBER
International Standard Book Number 1563097087
040 ## - CATALOGING SOURCE
Transcribing agency Philippine Baptist Theological Seminary
050 ## - LIBRARY OF CONGRESS CALL NUMBER
Classification number BV 4527
Item number K79 2002
100 10 - MAIN ENTRY--PERSONAL NAME
Personal name Kok, Elsa
Relator term Author
245 10 - TITLE STATEMENT
Title A woman who hurts, a God who heals: discovering God's unconditional love /
Statement of responsibility, etc. by Elsa Kok.
264 ## - PRODUCTION, PUBLICATION, DISTRIBUTION, MANUFACTURE, AND COPYRIGHT NOTICE
Place of production, publication, distribution, manufacture Birmingham, Alabama :
Name of producer, publisher, distributor, manufacturer New Hope Publishers,
Date of production, publication, distribution, manufacture, or copyright notice ©2002.
300 ## - PHYSICAL DESCRIPTION
Extent 163 pages ;
Dimensions 22 cm.
505 ## - FORMATTED CONTENTS NOTE
Formatted contents note Love for free -- There is hope -- White as snow -- It's okay to cry -- Frustrated ever after -- The truth -- Your pearls -- What's with the rules? -- When nothing works -- Girlfriends -- Calling his name -- Reading his story -- All for good -- My provider -- Rest for your soul.
650 ## - SUBJECT ADDED ENTRY--TOPICAL TERM
Topical term or geographic name as entry element CHRISTIAN WOMEN
General subdivision RELIGIOUS LIFE
942 ## - ADDED ENTRY ELEMENTS (KOHA)
Koha item type Circulation Books
Source of classification or shelving scheme Library of Congress Classification
Holdings
Withdrawn status Lost status Source of classification or shelving scheme Damaged status Not for loan Home library Current library Shelving location Date acquired Total Checkouts Total Renewals Full call number Barcode Date last seen Date last checked out Price effective from Koha item type
    Dewey Decimal Classification     PBTS Library PBTS Library Circulation Section 01/11/2011 1 2 BV 4527 K79 2002 41152 03/09/2026 08/10/2016 04/02/2015 Circulation Books

Philippine Baptist Theological Seminary | 19 Tacay Road, Central Guisad, Baguio City 2600, Philippines